00518nam a22001817a 450000500170000001000140001702000260003103500130005703700130007008200110008310000220009424500470011626000450016327000490020830000220025765000360027965000210031520100806154932.0 aENG-98618 a9788190752114c125.00 aEN-82151 bDBAD/PUB a006.74 aSelvavinayagam, R aHTML for beginners /cby R. Selvavinayagam aRajapalaiyambGuna Puthaga Nilayamc2008 a90, Mudangiaru Road, bRajapalaiyam e626117 a148p.c20cm (pbk) aHTML (document markup language) aWeb sites-design